000 00816pam a2200265 i 4500
001 3717860
003 GBCCL
005 20241126110330.0
008 801106s1981 miua b 000 0 eng
010 _a 80027050
020 _a0310431018 :
_c$8.95
040 _aDLC
_cDLC
_dDLC
050 0 0 _aBV652.25
_b.P47
082 0 0 _a266.001
_219
_bPET
100 1 _aPeters, George W.
_92231
245 1 2 _aA theology of church growth /
_cGeorge W. Peters.
260 _aGrand Rapids, MI :
_bZondervan Pub. House,
_cc1981.
300 _a283 p. :
_bill. ;
_c20 cm.
440 0 _aContemporary evangelical perspectives
_92232
504 _aIncludes bibliographical references and indexes.
650 0 _aChurch growth.
_9291
650 0 _aChurch.
_9263
906 _a7
_bcbc
_corignew
_du
_eocip
_f19
_gy-gencatlg
942 _2ddc
_cBK
_03
999 _c113
_d113